Espresso - Sabrina Carpenter (All Lyrics) - Statistics

General Stats
  • This quiz has been taken 867 times
  • The average score is 325 of 409
Answer Stats
Lyrics % Correct
'e,
99%
I
99%
me
98%
a
96%
espresso
96%
so
95%
that
95%
That
95%
he
94%
you
94%
it
93%
oh
92%
Oh,
92%
oh)
92%
Is
91%
do
90%
guess
90%
sweet?
90%
know
89%
My
89%
my
89%
'bout
88%
can't
88%
thinkin'
88%
Thinkin'
88%
to
87%
And
86%
and
86%
he's
86%
night,
86%
Now
86%
now
86%
baby,
85%
That's
85%
that's
85%
this
85%
every
84%
for
84%
on
84%
sleep,
82%
I'm
81%
got
80%
like
80%
your
80%
boy
79%
relate
79%
up,
79%
up
79%
ex
78%
give
78%
Say
78%
'cause
77%
desperation
77%
down,
77%
Nintendo
77%
singer
77%
vacation
77%
are
76%
late
76%
right,
76%
stop
76%
Too
76%
won't
76%
calling
75%
don't
75%
left,
75%
working
75%
ya
75%
bad
74%
one
74%
One
74%
Switch
73%
fucks
72%
finger
71%
cute
69%
When
69%
get
68%
wrapped
68%
looks
67%
come
66%
'round
65%
way,
65%
in
64%
humor
63%
twisted
63%
honeybee,
62%
often
62%
pollen
62%
act
61%
Move
61%
(Move
61%
him
59%
coffee,
57%
they
57%
make
56%
laugh
53%
skin
53%
Soft
53%
came
52%
dream
52%
brewed
51%
Walked
51%
brand
50%
perfumed
49%
morning
47%
touch
47%
Dew
46%
Mountain
46%
newed
44%
trued
44%
(Yes)
40%
shit
27%
Holy
26%
(Ooh)
26%
(Mm)
24%
Mm,
24%
(Stupid)
12%
(Ayy,
2%
ayy,
2%
No matching quizzes found
Score Distribution
Percent of People with Each Score
Percentile by Number Answered
Your Score History
You have not taken this quiz